000 02441nam a22003017a 4500
001 8600
003 FISKH
005 20251002123221.0
008 251002b cb ||||| |||| 00| 0 eng d
020 _a9789995084370
040 _aFISKH
_bkhr
_cFISKH
_dFISKH
050 _aPZ7
100 _aSotheary, Kimsun
245 _aទឹកចិត្តកូនប្រុស​ :
_bThe sons' heart /
_cនិពន្ធដោយ អ្នកស្រី គឹមស៊ុន​ សុធារី ,​ កែសម្រួលដោយ អ្នកស្រី លឹម សន្តិភាព និងលោក ង៉ូវ ងីំ​ម
260 _aPhnom Penh :
_bReading Books ,
_c2009.
300 _a28 pages :
_bcolor illustrations ;
_c25 cm .
490 _aពិភពរឿងនិទាន
505 _aM
520 _aឪពុកម្នាក់បានស្តាប់ពាក្យភរិយាថ្មីរបស់ខ្លួន ហើយបោះបង់កូនប្រុសពីរនាក់ចោលក្នុងព្រៃ។ កូនទាំងពីរបានរស់រានមានជីវិតដោយការប្រមាញ់សត្វ នេសាទ និងដាំដំណាំ។ ពួកគេបានខិតខំធ្វើការដ៏ពិបាកនៅក្នុងចម្ការរយៈពេលប៉ុន្មានឆ្នាំ និងបានក្លាយជអ្នកមាន។ នៅពេលពួកគេបានជួបឪពុកវិញ ពួកគេមិនបានខឹងឬធ្វើអំពើអាក្រក់នឹងឪពុកទេ ទាល់តែបានអនុញ្ញាតនិងអង្វរ បំពេញសេចក្តីល្អវិញ។
520 _aThe father who listened to his new wife and abandaned two sons in the wood; the boys survived by hunting, fishing and planting; the boys worked hard in the farm for years and became rich. When they met their father, they didn't angry with him and repaid a good deed.
521 8 _a530
_bLexile estimate
521 8 _aM
_bRaz-Plus
650 _aទឹកចិត្តកូនប្រុស​
_vរឿងនិទានកុមារ​
650 _aThe sons' heart
_vChildren's stories
700 _aBora, Hong
_eIllustrator
942 _2ddc
_cKHB
_n0
999 _c8600
_d8600